TV Good Guys Quiz Stats

 Plays Quiz Updated Jul 7, 2017

Support Sporcle.
Go Orange.
Score 0/20 Timer 06:00
2 Plays Today
% Correct
Spock - Star Trek
99.1%
Ned Flanders - The Simpsons
93.8%
Dr. Leonard Hofstadter - The Big Bang Theory
91%
Capt Jean-Luc Picard - Star Trek: The Next Generation
89.7%
Jon Snow - Game of Thrones
85.5%
Buffy Summers- Buffy the Vampire Slayer
82.1%
Doug Ross - ER
80.8%
Woody Boyd - Cheers
76.6%
Bo Duke - The Dukes of Hazzard
75.2%
Jack Shephard - Lost
75.1%
% Correct
Will Truman - Will & Grace
72.8%
Richie Cunningham - Happy Days
72.6%
Michael Scofield - Prison Break
70.7%
Coach Eric Taylor - Friday Night Lights
70.7%
Captain Benjamin Franklin 'Hawkeye' Pierce - M*A*S*H
69.8%
Ally McBeal - Ally McBeal
67.9%
Olivia Benson - Law & Order: Special Victims Unit
63.5%
Topanga Lawrence- Boy Meets World/Girl Meets World
60.3%
Hershel Greene - The Walking Dead
51.3%
Debra Morgan- Dexter
33.3%

You're not logged in!

Compare scores with friends on all Sporcle quizzes.
OR
Log In
Forgot?

From the Vault

Successful Olympic Hosts

by mattyd2505

Sometimes success is relative. In this case, it's all about the gold medals.
Remove Ads.
Support Sporcle.
Get the best of Sporcle when you Go Orange. This ad-free experience offers more features, more stats, and more fun while also helping to support Sporcle. Thank you for becoming a member.

Show Comments

Extras

Top Quizzes Today


Score Distribution

Your Account Isn't Verified!

In order to create a playlist on Sporcle, you need to verify the email address you used during registration. Go to your Sporcle Settings to finish the process.

Report this User

Report this user for behavior that violates our Community Guidelines.

Details: